• 首页
  • 本馆介绍
  • 公告通知
  • 最新文献
  • 馆藏检索
  • 电子资源
  • 读者导购
  • 参考咨询
  • 我的图书馆
  • 登录
  • 详细信息显示
  • 放入我的书架
  • 预约/预借图书
  • 作者相关作品
  • 分类相关作品
  • 丛书相关作品
  • 出版社相关作品

书目信息

  • 表格格式
  • 工作单格式
  • 卡片格式
题名:
爱如繁花
    
 
作者: 徐志摩 著
分册:  
出版信息: 武汉   长江文艺出版社  2016
页数: 263页
开本: 26cm
丛书名: 中外名家随笔精华
单 册:
中图分类: I266.1
科图分类:
主题词: 随笔--sui bi--作品集--中国--现代
电子资源:
ISBN: 978-7-5354-8765-0
000 00883nam0 22002531 450
001 1731222306
005 20170602161152.0
010    @a978-7-5354-8765-0@dCNY26.00
100    @a20160628d2016 em y0chiy50 ea
101 0  @achi
102    @aCN@b420000
105    @ay z 000cy
106    @ar
200 1  @a爱如繁花@Aai ru fan hua@f徐志摩著
210    @a武汉@c长江文艺出版社@d2016
215    @a263页@d26cm
225 2  @a中外名家随笔精华@Azhong wai ming jia sui bi jing hua@i徐志摩卷
330    @a本书内容包括: 北戴河海滨的幻想、泰山日出、我所知道的康桥、漫殊斐儿、我灵魂的自由、我过的端阳节、想飞、自剖、再剖、秋·81、杂记、诗刊弁言、诗刊放假等。
461  0 @12001 @a中外名家随笔精华@i徐志摩卷
606 0  @a随笔@Asui bi@x作品集@y中国@z现代
690    @aI266.1@v5
701  0 @a徐志摩@Axu zhi ma@4著
801  0 @aCN@bTANG WEI@c20170527
905    @b0970178-82@dI266.1@e2352@f5
    
    爱如繁花/徐志摩著.-武汉:长江文艺出版社,2016
    263页;26cm.-(中外名家随笔精华.徐志摩卷)
    
    
    ISBN 978-7-5354-8765-0:CNY26.00
    本书内容包括: 北戴河海滨的幻想、泰山日出、我所知道的康桥、漫殊斐儿、我灵魂的自由、我过的端阳节、想飞、自剖、再剖、秋·81、杂记、诗刊弁言、诗刊放假等。
●
相关链接 在E读中查询图书 在五车中查询图书 在当当中查询图书 在豆瓣中查询图书


正题名:爱如繁花     索取号:I266.1/2352         预约/预借

序号 登录号 条形码 馆藏地/架位号 状态 备注
1 0970178   209701786   第一样本阅览室/ [索取号:I266.1/2352] 在馆    
2 0970179   209701795   第二借阅区/ [索取号:I266.1/2352] 在馆    
3 0970180   209701802   第二借阅区/ [索取号:I266.1/2352] 在馆    
4 0970181   209701811   第二借阅区/ [索取号:I266.1/2352] 在馆    
5 0970182   209701820   第二借阅区/ [索取号:I266.1/2352] 在馆    
欢迎您!
大连网信软件有限公司© 版权所有